| 000 | 00521nam a22001697a 4500 | ||
|---|---|---|---|
| 003 | KOHA_MİRAKIL | ||
| 005 | 20260601115602.0 | ||
| 008 | 260601b tu ||||| |||| 00| 0 tur d | ||
| 040 |
_aTR-AnABB _btur _cTR-AnABB |
||
| 041 | _atur | ||
| 082 |
_a307.121 6 _bURB 1968 |
||
| 245 | 0 | 0 |
_aUrban planning in the Developing Countries / _cedited by: John D. Herbert, Alfred P. Van Huyck |
| 260 |
_aLondon : _bFrederick A. Praeger, _c1968 |
||
| 300 |
_a122 sayfa ; _c21 cm |
||
| 650 | 0 | 4 | _aŞehir planlama |
| 942 |
_2ddc _cBK |
||
| 999 |
_c10392 _d10392 |
||
| 900 | _bCan ÇELIK | ||